000 00776nam a22002177a 4500
005 20150124131050.0
008 120427t sp||||| |||| 00| 0 spa d
020 _a8495787091
050 0 4 _aBF698 .C4
_bJ64 2003
100 1 _aJohnson, Spencer
245 1 0 _a¿Quién se ha llevado mi queso?
_buna manera sorprendente de afrontar el cambio en el trabajo y en su vida privada /
_cSpencer Johnson ; José M. Pomares.
250 _a33 ed.
260 _aBarcelona, España :
_bUrano,
_c2000
300 _a106 p. :
_c23 cm.
_bil. ;
440 0 _aEmpresa Activa
500 _aTraducción de : Who moved my cheese ?
650 7 _2LEMB
_aCambio (Psicología)
650 7 _2LEMB
_aRiesgo, Aceptación del (Psicología)
700 1 _aPomares, José M.,
_etr.
942 _2lcc
_cLIB
999 _c69401
_d69401